[Event "European Youth Chess Championship B12"]
[Site "Prague, Top Hotel Prague"]
[Date "2016.08.21"]
[Round "4.44"]
[White "Glozar, Petr"]
[Black "Mathieu, Phileas"]
[Result "0-1"]
[WhiteElo "1688"]
[BlackElo "1835"]
[PlyCount "106"]
[EventDate "2016.08.18"]

1. d4 d5 2. Nf3 Nf6 3. e3 c6 4. Bd3 Bg4 5. O-O Nbd7 6. b3 e5 7. dxe5 Nxe5 8.
Be2 Qc7 9. Bb2 Bd6 10. h3 Nxf3+ 11. Bxf3 Bxf3 12. Qxf3 Be5 13. Bxe5 Qxe5 14.
Nd2 Qc3 15. Rfd1 Qxc2 16. e4 O-O 17. e5 Nd7 18. Rac1 Qg6 19. Qe3 Rfe8 20. f4
Qe6 21. Nf3 Nf6 22. Ng5 Qe7 23. Qd3 Ne4 24. Nxe4 dxe4 25. Qxe4 Rad8 26. Rd4 Rd7
27. Rcd1 Red8 28. Rxd7 Rxd7 29. Rxd7 Qxd7 30. Qe3 b6 31. Kh2 Qd5 32. f5 Kf8 33.
Qg3 Qd7 34. f6 g6 35. Qh4 Qd5 36. Qf4 Ke8 37. h4 h5 38. Qe3 c5 39. Kh1 Kd7 40.
Qe2 Qd4 41. g3 Ke8 42. Qb5+ Qd7 43. Qf1 Qd5+ 44. Qg2 Qxg2+ 45. Kxg2 Kd7 46. Kf3
Ke6 47. Ke4 b5 48. a4 bxa4 49. bxa4 a5 50. Kd3 Kxe5 51. Kc4 Kd6 52. Kb5 Kd5 53.
Kxa5 Kc6 0-1

[Event "European Youth Chess Championship B12"]
[Site "Prague, Top Hotel Prague"]
[Date "2016.08.21"]
[Round "4.45"]
[White "Fridensteins-Bridins, Atis"]
[Black "Bonciu, David"]
[Result "1-0"]
[WhiteElo "1347"]
[BlackElo "1820"]
[PlyCount "95"]
[EventDate "2016.08.18"]

1. e4 c5 2. Nf3 Nc6 3. d4 cxd4 4. Nxd4 g6 5. c4 Bg7 6. Nc2 Nf6 7. Nc3 d6 8. Be2
O-O 9. O-O Be6 10. Bd2 Rc8 11. Be1 Na5 12. b3 Nd7 13. Rc1 Nc6 14. Ne3 Nc5 15.
f3 Nd4 16. Kh1 b6 17. Ned5 Bxd5 18. Nxd5 Qd7 19. Bh4 Rce8 20. Qd2 f5 21. exf5
Nxf5 22. Bg5 h6 23. Bf4 e5 24. Be3 Nxe3 25. Nxe3 Ne6 26. Bd3 Nf4 27. Be4 g5 28.
b4 Rd8 29. Rfd1 Qc8 30. Qc2 Kh8 31. Nf5 Qe6 32. c5 d5 33. Nxg7 Kxg7 34. Bd3
Nxd3 35. Qxd3 bxc5 36. Rxc5 d4 37. Re1 Rfe8 38. Qe4 d3 39. Rd1 Qd6 40. Rc6 Qe7
41. Rg6+ Kh8 42. Rxh6+ Kg8 43. Rxd3 Rxd3 44. Qg6+ Qg7 45. Qxe8+ Qf8 46. Rh8+
Kxh8 47. Qxf8+ Kh7 48. Qf5+ 1-0

[Event "European Youth Chess Championship B12"]
[Site "Prague, Top Hotel Prague"]
[Date "2016.08.21"]
[Round "4.46"]
[White "Hommel, Niclas"]
[Black "Stepanencu, Nicodim-Cosmin"]
[Result "1-0"]
[WhiteElo "1816"]
[BlackElo "1551"]
[PlyCount "61"]
[EventDate "2016.08.18"]

1. e4 c5 2. Nf3 d6 3. d4 cxd4 4. Nxd4 Nf6 5. Nc3 a6 6. f3 e5 7. Nb3 Be6 8. Be3
b5 9. Qd2 h5 10. h4 Nbd7 11. Be2 Nb6 12. Rd1 Rc8 13. Kf2 Bc4 14. Na5 Qc7 15.
Nxc4 Nxc4 16. Bxc4 Qxc4 17. Qd3 b4 18. Ne2 Qxa2 19. Ra1 Qc4 20. Rxa6 Qxd3 21.
cxd3 Be7 22. Rc1 O-O 23. Rb6 d5 24. Rb7 Rxc1 25. Bxc1 Bd6 26. Bd2 Rc8 27. Bxb4
Bxb4 28. Rxb4 Rc5 29. Rb8+ Kh7 30. Ke1 Nd7 31. Rb7 1-0

[Event "European Youth Chess Championship B12"]
[Site "Prague, Top Hotel Prague"]
[Date "2016.08.21"]
[Round "4.47"]
[White "Bacrot, Alexandre"]
[Black "Sunde, Nicholas"]
[Result "1-0"]
[WhiteElo "1961"]
[BlackElo "1375"]
[PlyCount "101"]
[EventDate "2016.08.18"]

1. Nf3 d5 2. d4 Nf6 3. Bf4 e6 4. e3 c5 5. c3 Nc6 6. Bd3 Bd6 7. Bxd6 Qxd6 8. O-O
O-O 9. Nbd2 b6 10. Re1 e5 11. dxe5 Nxe5 12. Nxe5 Qxe5 13. e4 Bb7 14. Nf3 Qh5
15. e5 Ng4 16. h3 Nh6 17. Qc2 g6 18. c4 dxc4 19. Be4 Bxe4 20. Qxe4 Qf5 21. Qxc4
Rae8 22. Rad1 Re7 23. Qh4 f6 24. Qxh6 fxe5 25. Qg5 Qf7 26. Rxe5 Rxe5 27. Qxe5
Qxa2 28. Qd5+ Qxd5 29. Rxd5 Kg7 30. Rd7+ Rf7 31. Rxf7+ Kxf7 32. Kf1 Ke7 33. Ke2
Kd6 34. Kd3 Kd5 35. Nd2 b5 36. Nb1 c4+ 37. Ke3 a5 38. Nc3+ Kc5 39. Ne4+ Kb4 40.
Kd4 Kb3 41. Nd6 Kxb2 42. Nxb5 Kb3 43. f4 a4 44. g4 Kb4 45. Nc3 a3 46. f5 gxf5
47. gxf5 Kb3 48. f6 a2 49. Nxa2 h5 50. f7 h4 51. f8=Q 1-0

[Event "European Youth Chess Championship B12"]
[Site "Prague, Top Hotel Prague"]
[Date "2016.08.21"]
[Round "4.48"]
[White "Hofman, Krystof"]
[Black "Dardha, Daniel"]
[Result "1/2-1/2"]
[WhiteElo "1684"]
[BlackElo "2095"]
[PlyCount "66"]
[EventDate "2016.08.18"]

1. d4 Nf6 2. c4 e6 3. Nf3 d5 4. Bg5 Be7 5. Nc3 Nbd7 6. e3 h6 7. Bh4 O-O 8. Bd3
a6 9. O-O dxc4 10. Bxc4 b5 11. Bd3 Bb7 12. Qe2 c5 13. Rfd1 Qb6 14. b3 Rac8 15.
Rac1 Rfe8 16. Bg3 cxd4 17. exd4 Qa5 18. Nb1 Nd5 19. Ne5 N7f6 20. Qb2 Nb4 21. a3
Nxd3 22. Nxd3 Qb6 23. b4 a5 24. Nc5 a4 25. Nc3 Red8 26. Qe2 Bc6 27. h3 Re8 28.
Rd2 Bf8 29. Be5 Be7 30. Rdc2 Red8 31. Qe3 Nd7 32. Bg3 Bf6 33. N5e4 Be7 1/2-1/2

[Event "European Youth Chess Championship B12"]
[Site "Prague, Top Hotel Prague"]
[Date "2016.08.21"]
[Round "4.49"]
[White "Dwyer, Daniel"]
[Black "Gucaga, Augustas"]
[Result "0-1"]
[WhiteElo "1629"]
[BlackElo "1902"]
[PlyCount "58"]
[EventDate "2016.08.18"]

1. e4 c5 2. Nf3 d6 3. d4 cxd4 4. Nxd4 Nf6 5. Nc3 g6 6. Be3 Bg7 7. f3 O-O 8. Qd2
Nc6 9. g4 h5 10. g5 Nd7 11. O-O-O Nde5 12. f4 Nxd4 13. Qxd4 Ng4 14. Qd3 Nxe3
15. Qxe3 Qa5 16. Rd5 Qc7 17. Rd3 Be6 18. Bg2 Rfc8 19. Qf2 Qa5 20. e5 dxe5 21.
Bxb7 Rxc3 22. Rxc3 Rb8 23. Qd2 Qb6 24. Be4 exf4 25. Rd3 Bc4 26. Rd7 Qxb2+ 27.
Kd1 Qa1+ 28. Qc1 Rb1 29. Qxb1 Qxb1+ 0-1

[Event "European Youth Chess Championship B12"]
[Site "Prague, Top Hotel Prague"]
[Date "2016.08.21"]
[Round "4.50"]
[White "Jun, Rudolf Jr"]
[Black "Marn, Jan"]
[Result "0-1"]
[WhiteElo "1621"]
[BlackElo "1896"]
[PlyCount "44"]
[EventDate "2016.08.18"]

1. e4 e5 2. Nf3 Nc6 3. Bb5 Nge7 4. O-O g6 5. b3 Bg7 6. Nc3 a6 7. Be2 O-O 8. Bb2
d6 9. a4 h6 10. Bc4 Kh7 11. Nd5 f5 12. d3 Rb8 13. Nc3 Nd4 14. b4 fxe4 15. dxe4
Nxf3+ 16. gxf3 Bh3 17. Re1 Nf5 18. Kh1 Nh4 19. Bc1 Bg2+ 20. Kg1 Qd7 21. Ne2 Qh3
22. Ng3 Nxf3+ 0-1

[Event "European Youth Chess Championship B12"]
[Site "Prague, Top Hotel Prague"]
[Date "2016.08.21"]
[Round "4.51"]
[White "Decuigniere, Tom"]
[Black "Hrbek, Tomas"]
[Result "1-0"]
[WhiteElo "1878"]
[BlackElo "1633"]
[PlyCount "75"]
[EventDate "2016.08.18"]

1. c4 e5 2. g3 Nf6 3. Bg2 c6 4. Nf3 Qc7 5. O-O d5 6. cxd5 cxd5 7. d3 Bf5 8. Bg5
Nbd7 9. Nbd2 Bc5 10. Rc1 Qd6 11. Nb3 Bb6 12. Bd2 a5 13. Qe1 a4 14. Bb4 Qb8 15.
Na1 e4 16. dxe4 dxe4 17. Nd2 Ne5 18. Nc4 Bc7 19. Ne3 Be6 20. Qd2 Qd8 21. Qc3
Nc6 22. Ba3 Be5 23. Qc2 Nd4 24. Qd1 Qb6 25. Nc4 Bxc4 26. Rxc4 Rd8 27. Qxa4+ Nb5
28. Rc5 Rd5 29. Rxd5 Nxd5 30. Qa8+ Kd7 31. Bh3+ Kc6 32. Qxh8 Nxa3 33. bxa3 Nf6
34. Qc8+ Bc7 35. Nb3 e3 36. Rc1+ Kd5 37. Rc5+ Kd6 38. Qf8# 1-0

[Event "European Youth Chess Championship B12"]
[Site "Prague, Top Hotel Prague"]
[Date "2016.08.21"]
[Round "4.52"]
[White "Sarighioleanu, Sebastian-Laure"]
[Black "Krejcok, Tobias"]
[Result "1/2-1/2"]
[WhiteElo "1572"]
[BlackElo "1851"]
[PlyCount "87"]
[EventDate "2016.08.18"]

1. d4 Nf6 2. c4 g6 3. Nc3 Bg7 4. Bg5 d6 5. Nf3 O-O 6. e3 Nbd7 7. Be2 c5 8. O-O
h6 9. Bh4 b6 10. d5 Ng4 11. Qc2 Nde5 12. Nxe5 Nxe5 13. f4 Ng4 14. Qd2 Nxe3 15.
Rf3 Nf5 16. Bf2 Nd4 17. Bxd4 Bxd4+ 18. Kh1 Bg4 19. Rg3 Bxe2 20. Nxe2 Bg7 21. f5
Kh7 22. fxg6+ fxg6 23. Nf4 Rf6 24. Ne6 Qe8 25. Rh3 Kg8 26. Kg1 Qf7 27. Nxg7
Qxg7 28. Qxh6 Qxh6 29. Rxh6 Kg7 30. Rh3 Raf8 31. Re1 R8f7 32. Rf3 Rxf3 33. gxf3
Kf8 34. Kg2 Rf4 35. b3 Rd4 36. Re2 a5 37. Kg3 a4 38. Re4 Rd2 39. bxa4 Rxa2 40.
h4 Rxa4 41. Kf4 Ra3 42. Kg4 Rb3 43. Kg5 Kf7 44. Rf4+ 1/2-1/2

[Event "European Youth Chess Championship B12"]
[Site "Prague, Top Hotel Prague"]
[Date "2016.08.21"]
[Round "4.53"]
[White "Schernthaner, David"]
[Black "Cuttoli, Alexandre"]
[Result "1-0"]
[WhiteElo "1844"]
[BlackElo "1618"]
[PlyCount "104"]
[EventDate "2016.08.18"]

1. e4 c5 2. Nf3 Nc6 3. Bb5 e6 4. Bxc6 bxc6 5. O-O g6 6. d3 Bg7 7. Nc3 d5 8. Bf4
a6 9. Qd2 Ne7 10. Bh6 O-O 11. Bxg7 Kxg7 12. Na4 d4 13. Nxc5 Qb6 14. Nb3 e5 15.
Qa5 f6 16. Qc5 Qxc5 17. Nxc5 Rb8 18. b3 Rb5 19. Na4 Be6 20. Nd2 Rfb8 21. Nb2 f5
22. f3 Kf6 23. exf5 gxf5 24. Nbc4 Rd5 25. Rae1 Ng6 26. g3 h5 27. Ne4+ Kg7 28.
Ng5 Kf6 29. Nxe6 Kxe6 30. f4 Rg8 31. Kf2 h4 32. fxe5 hxg3+ 33. hxg3 f4 34. gxf4
Nxf4 35. Kf3 Rdd8 36. Re4 Nh3 37. Rg4 Rdf8+ 38. Ke2 Rxg4 39. Rxf8 Rg2+ 40. Kd1
Rg1+ 41. Kd2 Ng5 42. Ra8 Kf5 43. Rf8+ Kg4 44. e6 Nf3+ 45. Rxf3 Kxf3 46. Ne5+
Kf4 47. e7 Rg2+ 48. Kc1 Rg8 49. Ng6+ Kf5 50. Nf8 Rg1+ 51. Kd2 Rg2+ 52. Ke1 Rg1+
{1-0 (52) Schernthaner,D (1844)-Cuttoli,A (1618) Prague, Top Hotel Prague 2016}
1-0

[Event "European Youth Chess Championship B12"]
[Site "Prague, Top Hotel Prague"]
[Date "2016.08.21"]
[Round "4.54"]
[White "Stoian, Cristian-Georgian"]
[Black "De, Cocq Ramin"]
[Result "1-0"]
[WhiteElo "1826"]
[BlackElo "1588"]
[PlyCount "47"]
[EventDate "2016.08.18"]

1. e4 e6 2. d4 d5 3. Nc3 Nf6 4. Bg5 Be7 5. e5 Nfd7 6. Bxe7 Qxe7 7. f4 c5 8. Nb5
O-O 9. Nc7 Nb6 10. Nxa8 Nxa8 11. Nf3 f6 12. c3 a6 13. Bd3 b5 14. O-O Nc6 15.
Kh1 Nb6 16. Qe2 c4 17. Bc2 b4 18. exf6 gxf6 19. Nh4 Rf7 20. Rae1 a5 21. Qh5 Qf8
22. Rf3 Rg7 23. Rg3 Rxg3 24. Qxh7# 1-0

[Event "European Youth Chess Championship B12"]
[Site "Prague, Top Hotel Prague"]
[Date "2016.08.21"]
[Round "4.55"]
[White "Sebesta, Jan"]
[Black "Mica, Marek"]
[Result "0-1"]
[WhiteElo "1557"]
[BlackElo "1795"]
[PlyCount "66"]
[EventDate "2016.08.18"]

1. b3 e5 2. Bb2 Nc6 3. e4 Bc5 4. Nf3 d6 5. h3 Nf6 6. Nc3 Bb4 7. Bd3 O-O 8. Qe2
Bd7 9. O-O Bc5 10. Na4 Bb6 11. Nxb6 axb6 12. Bc4 Na5 13. a4 Nh5 14. Rfe1 Nf4
15. Qf1 Qf6 16. h4 Qg6 17. Kh2 Nxc4 18. bxc4 Bxa4 19. g3 Ne6 20. c3 Bc6 21. d3
f5 22. Nd2 f4 23. Qg1 fxg3+ 24. fxg3 Nc5 25. Qe3 Na4 26. Rab1 Nxb2 27. Rxb2 Ra3
28. Rc1 Rfa8 29. Nb1 Ra2 30. Rcc2 Rxb2 31. Rxb2 Qg4 32. Qg1 Qf3 33. Rc2 Ra1 0-1

[Event "European Youth Chess Championship B12"]
[Site "Prague, Top Hotel Prague"]
[Date "2016.08.21"]
[Round "4.56"]
[White "Rousek, Jan"]
[Black "Melkumiants, Alexandr"]
[Result "0-1"]
[WhiteElo "1521"]
[BlackElo "1794"]
[PlyCount "110"]
[EventDate "2016.08.18"]

1. d4 Nf6 2. Nf3 g6 3. g3 Bg7 4. Bg2 O-O 5. O-O c5 6. dxc5 Qc7 7. b4 a5 8. Bf4
Qd8 9. Nc3 axb4 10. Nb5 Na6 11. a3 Qa5 12. Nfd4 bxa3 13. Bd2 Qd8 14. Rxa3 Ne8
15. Ba5 Nac7 16. Nxc7 Rxa5 17. Rxa5 Qxc7 18. Rb5 d6 19. c6 bxc6 20. Nxc6 Ba6
21. Rb3 e6 22. Bf3 d5 23. Nb4 Bc4 24. Rb1 Nd6 25. Qd2 Ra8 26. Rfd1 h5 27. e3
Nb5 28. Rdc1 Bc3 29. Qd1 Na3 30. Ra1 Bxb4 31. c3 Bc5 32. Be2 Qc6 33. Bxc4 Nxc4
34. Rxa8+ Qxa8 35. Qe2 Qa3 36. Rc2 Be7 37. e4 Qc5 38. exd5 Qxd5 39. Rc1 Ne5 40.
h4 Bc5 41. c4 Qd6 42. Rd1 Qc7 43. Qe4 Ng4 44. Kg2 Bxf2 45. Rd3 Bb6 46. Qa8+ Kg7
47. Qa1+ Kh7 48. Rf3 Qc6 49. c5 Bxc5 50. Kh3 Nh6 51. Qf1 Nf5 52. Qg2 Qe4 53.
Qf1 Bd6 54. Qf2 Qg4+ 55. Kg2 Nxh4+ 0-1

[Event "European Youth Chess Championship B12"]
[Site "Prague, Top Hotel Prague"]
[Date "2016.08.21"]
[Round "4.57"]
[White "Misiuk, Ernest"]
[Black "Jirousek, Jan"]
[Result "1/2-1/2"]
[WhiteElo "1783"]
[BlackElo "1581"]
[PlyCount "164"]
[EventDate "2016.08.18"]

1. d4 d5 2. Bf4 Nf6 3. e3 Bf5 4. c4 e6 5. a3 c6 6. Nc3 Bd6 7. Bg3 O-O 8. Nf3
Bxg3 9. hxg3 Nbd7 10. Be2 Qc7 11. Rc1 Qb6 12. b4 Ne4 13. Nxe4 Bxe4 14. Rh2 Nf6
15. Ne5 a5 16. c5 Qc7 17. b5 a4 18. b6 Qd8 19. g4 Nd7 20. Nxd7 Qxd7 21. f4 Qe7
22. Bd3 Bxd3 23. Qxd3 f5 24. g5 g6 25. Kf2 Ra6 26. Qd2 Rf7 27. Rch1 Rg7 28. Qc2
Qe8 29. Rb1 Qa8 30. Kf3 Rf7 31. g3 Rg7 32. Rh6 Qe8 33. Qh2 Qe7 34. Rb4 Qe8 35.
Qh1 Qf8 36. Qf1 Qe8 37. Rh2 Qf8 38. Rhb2 Qa8 39. Qd3 Rf7 40. Rh2 Rg7 41. Qe2
Qe8 42. Rh1 Qf8 43. Qxa6 bxa6 44. Rhb1 Qb8 45. Rxa4 Qb7 46. Rbb4 Re7 47. Ra5
Re8 48. Ke2 Ra8 49. Kd2 Kg7 50. Rb1 Kg8 51. Kc3 Kf8 52. Kb4 Kg7 53. Ra4 Rh8 54.
Rh1 h6 55. Ka5 hxg5 56. Rxh8 Kxh8 57. fxg5 Qb8 58. b7 Qxb7 59. Rb4 Qc8 60. Kb6
a5 61. Kxa5 Qa8+ 62. Kb6 Qxa3 63. Rb1 Qxe3 64. Kxc6 Qxd4 65. Kd6 Qc4 66. c6 d4
67. Rb8+ Kg7 68. Rb7+ Kg8 69. Rd7 d3 70. Kc7 Qa6 71. Rd6 d2 72. Kd7 Kf7 73.
Rxd2 Qa4 74. Rd6 Qa8 75. Rd3 Qe8+ 76. Kc7 Qa8 77. Rb3 Ke7 78. Rb8 Qa5+ 79. Rb6
Qa7+ 80. Rb7 Qc5 81. Kb8+ Ke8 82. Kc7 Qd4 1/2-1/2

[Event "European Youth Chess Championship B12"]
[Site "Prague, Top Hotel Prague"]
[Date "2016.08.21"]
[Round "4.58"]
[White "Hadjinicolaou, Andreas"]
[Black "Luu, Robert"]
[Result "1-0"]
[WhiteElo "1488"]
[BlackElo "1779"]
[PlyCount "83"]
[EventDate "2016.08.18"]

1. d4 d5 2. Nf3 Nf6 3. e3 Bg4 4. Bd3 e6 5. Nbd2 c6 6. O-O Bd6 7. h3 Bh5 8. c4
O-O 9. b3 Nbd7 10. e4 dxe4 11. Nxe4 Nxe4 12. Bxe4 Nf6 13. Bc2 Qc7 14. Bb2 Rad8
15. Qe2 Be7 16. c5 Nd5 17. Qe5 Bxf3 18. Qxc7 Nxc7 19. gxf3 Bf6 20. Rad1 Nb5 21.
Rd2 Nxd4 22. Bxd4 Rxd4 23. Rfd1 Rfd8 24. Rxd4 Bxd4 25. b4 g6 26. Kf1 e5 27. a4
a6 28. Bd3 Bc3 29. b5 axb5 30. axb5 cxb5 31. Ke2 b4 32. Be4 Rc8 33. Bxb7 Rxc5
34. Bd5 Kg7 35. Bb3 f5 36. Rd7+ Kh6 37. Bg8 Kg5 38. Rxh7 Rb5 39. Bb3 Ra5 40.
Kd3 Ra3 41. h4+ Kf6 42. Rf7# 1-0

[Event "European Youth Chess Championship B12"]
[Site "Prague, Top Hotel Prague"]
[Date "2016.08.21"]
[Round "4.59"]
[White "Rosol, Alexander"]
[Black "Kran, Ole-Christian Bakke"]
[Result "1-0"]
[WhiteElo "1779"]
[BlackElo "1571"]
[PlyCount "81"]
[EventDate "2016.08.18"]

1. e4 Nf6 2. Nc3 d5 3. e5 d4 4. exf6 dxc3 5. bxc3 exf6 6. d4 Bd6 7. Bd3 O-O 8.
Ne2 c5 9. O-O Bg4 10. f3 Bh5 11. Nf4 Bxf4 12. Bxf4 cxd4 13. Be4 Nc6 14. Bxc6
bxc6 15. cxd4 Qd5 16. c3 Bg6 17. Qb3 Rac8 18. Rfd1 Rfe8 19. Rd2 Re7 20. c4 Qa5
21. d5 Qc5+ 22. Kf1 h6 23. d6 Rd7 24. Re1 Bf5 25. Be3 Qe5 26. Bg1 Qf4 27. Rd4
Qg5 28. c5 Be6 29. Rxe6 Rcd8 30. Re7 f5 31. Qxf7+ Kh7 32. Rxd7 Rxd7 33. Qxd7
Qc1+ 34. Kf2 f4 35. Qf5+ Kh8 36. Rxf4 Qd2+ 37. Kg3 Qe1+ 38. Bf2 Qc3 39. Qg6 Qe5
40. d7 Qd5 41. Rf8+ 1-0

[Event "European Youth Chess Championship B12"]
[Site "Prague, Top Hotel Prague"]
[Date "2016.08.21"]
[Round "4.60"]
[White "Motiu, Victor"]
[Black "Devyaterikov, Ivan"]
[Result "1-0"]
[WhiteElo "1774"]
[BlackElo "1536"]
[PlyCount "61"]
[EventDate "2016.08.18"]

1. c4 c6 2. g3 d5 3. cxd5 cxd5 4. Bg2 e5 5. d3 Nf6 6. Nf3 Nc6 7. O-O Bd6 8. Bg5
O-O 9. Nc3 Be7 10. d4 e4 11. Ne5 Be6 12. e3 Qc8 13. Rc1 Rd8 14. Na4 h6 15. Bxf6
Bxf6 16. Nxc6 bxc6 17. Qc2 Rd6 18. Nc5 Bh3 19. Bxh3 Qxh3 20. Nb7 Re6 21. Na5
Rc8 22. Qa4 c5 23. Rxc5 Rxc5 24. dxc5 Bxb2 25. c6 Be5 26. Rd1 Rf6 27. Qc2 Qe6
28. c7 Qc8 29. Rxd5 Qxc7 30. Rc5 Qd7 31. Rxe5 1-0

[Event "European Youth Chess Championship B12"]
[Site "Prague, Top Hotel Prague"]
[Date "2016.08.21"]
[Round "4.61"]
[White "Papuc, David"]
[Black "Torngren, Gustav"]
[Result "0-1"]
[WhiteElo "1329"]
[BlackElo "1764"]
[PlyCount "78"]
[EventDate "2016.08.18"]

1. d4 Nf6 2. Bg5 d5 3. e3 g6 4. Bxf6 exf6 5. Nf3 Bd6 6. c4 c6 7. cxd5 cxd5 8.
Nc3 Be6 9. Bd3 O-O 10. O-O Nd7 11. Rc1 a6 12. Qd2 f5 13. Ne2 Nf6 14. Rc2 Ne4
15. Bxe4 fxe4 16. Ne1 Bf5 17. Rc1 Bd7 18. f3 f5 19. f4 h5 20. Nc3 Be6 21. Qf2
h4 22. Qd2 Qd7 23. a3 Kf7 24. Nc2 Rg8 25. Qf2 Be7 26. Na1 Rg7 27. b4 Rag8 28.
Kh1 g5 29. Rg1 gxf4 30. Qxf4 Rg4 31. Qf2 Bd6 32. Nb3 Bg3 33. Qe2 Bb8 34. Nc5
Qd6 35. g3 hxg3 36. Rg2 gxh2 37. Rxg4 Rxg4 38. Nxb7 Qg3 39. Qe1 Qf3# 0-1

[Event "European Youth Chess Championship B12"]
[Site "Prague, Top Hotel Prague"]
[Date "2016.08.21"]
[Round "4.62"]
[White "Stagno, Matteo"]
[Black "Lukyanenko, Artemiy"]
[Result "0-1"]
[WhiteElo "1142"]
[BlackElo "1752"]
[PlyCount "84"]
[EventDate "2016.08.18"]

1. d4 d6 2. e4 Nf6 3. Nc3 g6 4. Be3 c6 5. Qd2 Qa5 6. Bd3 Nbd7 7. Nge2 a6 8. O-O
Bg7 9. a3 Ng4 10. Bf4 e5 11. Be3 O-O 12. h3 Nxe3 13. fxe3 Bh6 14. b4 Qd8 15.
Rf3 exd4 16. Nxd4 Ne5 17. Rg3 c5 18. bxc5 dxc5 19. Nf3 Nxf3+ 20. Rxf3 c4 21.
Nd5 cxd3 22. Qxd3 Bg7 23. Raf1 Be6 24. c4 Bxd5 25. exd5 Rc8 26. e4 Qb6+ 27. Kh1
Qc5 28. Rc1 b5 29. Re3 Bh6 30. Ree1 Bxc1 31. Rxc1 bxc4 32. Qe2 Rfe8 33. Rc2 Qd4
34. Rd2 Qxe4 35. Qxe4 Rxe4 36. Kg1 c3 37. Rc2 Rd4 38. Kf2 Rxd5 39. Ke3 Rd2 40.
Rxd2 cxd2 41. Kxd2 Rc5 42. a4 Ra5 0-1

[Event "European Youth Chess Championship B12"]
[Site "Prague, Top Hotel Prague"]
[Date "2016.08.21"]
[Round "4.65"]
[White "Magold, Victor"]
[Black "Jaques, Hannibal Valeur"]
[Result "1-0"]
[WhiteElo "1708"]
[BlackElo "1518"]
[PlyCount "103"]
[EventDate "2016.08.18"]

1. e4 e5 2. Nf3 Nc6 3. Bc4 Bc5 4. c3 Nf6 5. d4 exd4 6. e5 Nh5 7. cxd4 Bb4+ 8.
Bd2 Bxd2+ 9. Qxd2 O-O 10. O-O d6 11. Re1 dxe5 12. dxe5 Qxd2 13. Nbxd2 Re8 14.
Rad1 Nf4 15. Re3 Ng6 16. Rde1 Bf5 17. Ng5 Re7 18. e6 f6 19. Nge4 Rae8 20. Ng3
Nh4 21. f4 Rf8 22. Nb3 Bg6 23. Bb5 Nf5 24. Nxf5 Bxf5 25. Bxc6 bxc6 26. Nd4 g6
27. h3 c5 28. Nxf5 gxf5 29. Kf2 Kg7 30. b3 h6 31. Kf3 a6 32. g3 Kg6 33. R1e2 h5
34. h4 Kg7 35. Kf2 Kg6 36. Ke1 Kh6 37. Kd2 Rd8+ 38. Kc3 Rd4 39. a3 a5 40. Re1
Kg6 41. R1e2 Kh6 42. Kc2 Kg6 43. Kc3 Kh6 44. Rd2 Re4 45. Rxe4 fxe4 46. f5 Rg7
47. Kc4 Rxg3 48. e7 Rg8 49. Rd8 Rg2 50. Rh8+ Kg7 51. e8=Q e3 52. Qg8# 1-0

[Event "European Youth Chess Championship B12"]
[Site "Prague, Top Hotel Prague"]
[Date "2016.08.21"]
[Round "4.67"]
[White "Pajcin, Lav"]
[Black "Kien, Clovis"]
[Result "1-0"]
[WhiteElo "1735"]
[BlackElo "1336"]
[PlyCount "71"]
[EventDate "2016.08.18"]

1. e4 Nf6 2. e5 Nd5 3. c4 Nb6 4. c5 Nd5 5. Bc4 c6 6. Nc3 Qc7 7. d4 d6 8. cxd6
exd6 9. exd6 Qxd6 10. Nge2 Be6 11. Bd3 Be7 12. O-O Nd7 13. Ne4 Qc7 14. Bg5 N7f6
15. Nc5 O-O 16. Nxe6 fxe6 17. Bh4 Bd6 18. Bg3 Bxg3 19. Nxg3 Qb6 20. Bc4 Rae8
21. b3 e5 22. Nf5 Kh8 23. Nd6 Re6 24. dxe5 Rxe5 25. Bd3 Nc3 26. Qc2 Qb4 27. Nc4
Rd5 28. a3 Qb5 29. Qxc3 Rfd8 30. Bc2 Qc5 31. Qe3 Rd4 32. Rad1 Ng4 33. Rxd4 Qxd4
34. Qxd4 Rxd4 35. Rd1 Re4 36. Rd8+ 1-0

[Event "European Youth Chess Championship B12"]
[Site "Prague, Top Hotel Prague"]
[Date "2016.08.21"]
[Round "4.68"]
[White "Tajovsky, Matej"]
[Black "Jordanov, Mihail"]
[Result "0-1"]
[WhiteElo "1584"]
[BlackElo "1758"]
[PlyCount "118"]
[EventDate "2016.08.18"]

1. e4 e5 2. Nf3 Nc6 3. Bb5 a6 4. Ba4 Nf6 5. O-O b5 6. Bb3 Be7 7. Re1 O-O 8. d4
exd4 9. e5 Ne8 10. Nxd4 Nxd4 11. Qxd4 c5 12. Qe4 Rb8 13. c4 Bb7 14. Qg4 d6 15.
e6 f5 16. Qg3 b4 17. Ba4 Nf6 18. Bc2 Ne4 19. Bxe4 Bxe4 20. Bh6 Bf6 21. f3 Be5
22. Bf4 Bxb2 23. fxe4 Rb6 24. exf5 Rxf5 25. Nd2 Bxa1 26. Rxa1 Qf6 27. Re1 Rb7
28. Ne4 Qd4+ 29. Kh1 Re7 30. Qg4 g6 31. h3 Rxe6 32. Bxd6 Rxd6 33. Nxd6 Qxd6 34.
Qe4 Qd7 35. Qb1 Qd4 36. Re4 Rf1+ 37. Qxf1 Qxe4 38. Kh2 a5 39. Kh1 a4 40. Qd1 a3
41. Qd8+ Kf7 42. Qd7+ Qe7 43. Qd5+ Kf6 44. Qf3+ Kg7 45. Qf1 Qe5 46. Qd1 Qd4 47.
Qe2 Kf6 48. Qf3+ Ke5 49. Qf1 Qe3 50. Qd1 Qd4 51. Qf1 Qb2 52. Qd3 Qc1+ 53. Kh2
Qf4+ 54. Kh1 Qe4 55. Qf1 Kd4 56. Qc1 Qd3 57. Qf4+ Kc3 58. Qc1+ Qc2 59. Qf4 Kb2
0-1

[Event "European Youth Chess Championship B12"]
[Site "Prague, Top Hotel Prague"]
[Date "2016.08.21"]
[Round "4.69"]
[White "Keprt, Tomas"]
[Black "Wolaniecki, Patryk"]
[Result "0-1"]
[WhiteElo "1567"]
[BlackElo "1669"]
[PlyCount "42"]
[EventDate "2016.08.18"]

1. e4 c5 2. Nf3 Nc6 3. d4 cxd4 4. Nxd4 Nf6 5. Nc3 e6 6. Be3 Bb4 7. Nxc6 bxc6 8.
Bd3 O-O 9. O-O d5 10. exd5 cxd5 11. Ne2 Bd6 12. c4 dxc4 13. Bxc4 Bxh2+ 14. Kh1
Bd6 15. Qc2 Ng4 16. Ng1 Qh4+ 17. Nh3 Bb7 18. f3 Nxe3 19. Qc1 Qg3 20. Nf4 Bxf4
21. Kg1 Qxg2# 0-1

[Event "European Youth Chess Championship B12"]
[Site "Prague, Top Hotel Prague"]
[Date "2016.08.21"]
[Round "4.70"]
[White "Mach, Petr"]
[Black "Kusa, Jakub"]
[Result "1-0"]
[WhiteElo "1654"]
[BlackElo "1567"]
[PlyCount "129"]
[EventDate "2016.08.18"]

1. d4 Nf6 2. Nf3 e6 3. Bf4 d5 4. e3 Be7 5. c4 c6 6. Nc3 Nbd7 7. h3 dxc4 8. Bxc4
Nb6 9. Be2 Nbd5 10. Nxd5 exd5 11. O-O O-O 12. Qb3 h6 13. Rac1 Bd6 14. Bxd6 Qxd6
15. Qc2 Re8 16. Nd2 Ne4 17. Nxe4 Rxe4 18. Bd3 Re8 19. Qc5 Qxc5 20. Rxc5 Bd7 21.
Rfc1 Rac8 22. b4 a6 23. a4 b6 24. R5c3 b5 25. axb5 cxb5 26. Rc5 Kf8 27. Rc7 Be6
28. Kf1 Red8 29. Ke2 Ke8 30. Kd2 Rxc7 31. Rxc7 Rd6 32. Ra7 Kd8 33. Ra8+ Ke7 34.
Ra7+ Kd8 35. Ra8+ Ke7 36. h4 Kf6 37. Ra7 g6 38. Rc7 h5 39. Rc5 Bf5 40. Be2 Kg7
41. g3 Kf6 42. f3 Kg7 43. Rc1 Kf6 44. Rc5 Kg7 45. Bd3 Be6 46. Kc3 f5 47. e4
fxe4 48. fxe4 dxe4 49. Bxe4 Kf6 50. Rc6 Rxc6+ 51. Bxc6 Bc8 52. Kd3 Kf5 53. Be8
Bb7 54. Ke3 Kg4 55. Bxg6 Kxg3 56. Bxh5 Kxh4 57. Bf3 Bc8 58. Kf4 Kh3 59. d5 Kh4
60. d6 Kh3 61. Bb7 Bd7 62. Bxa6 Kh4 63. Ke5 Kg5 64. Bxb5 Bxb5 65. Ke6 1-0

[Event "European Youth Chess Championship B12"]
[Site "Prague, Top Hotel Prague"]
[Date "2016.08.21"]
[Round "4.71"]
[White "Stastny, Jakub"]
[Black "Barak, David"]
[Result "0-1"]
[WhiteElo "1376"]
[BlackElo "1627"]
[PlyCount "46"]
[EventDate "2016.08.18"]

1. Nf3 Nf6 2. d4 g6 3. c4 Bg7 4. Nc3 d5 5. Bg5 Ne4 6. cxd5 Nxc3 7. bxc3 Qxd5 8.
g3 h6 9. Bf4 g5 10. Bxc7 g4 11. c4 Qe4 12. Ne5 Qxh1 13. Bxb8 Rxb8 14. Qa4+ b5
15. cxb5 Bxe5 16. dxe5 O-O 17. Qf4 Qxh2 18. Rc1 Be6 19. e3 Rbc8 20. Rc6 Rxc6
21. bxc6 Qh1 22. e4 Qf3 23. Qxh6 Qc3+ 0-1